[Event "aut_chT04"]
[Site "Fuerstenfeld"]
[Date "2004.11.19"]
[Round "1"]
[Board "1"]
[White "Gyimesi, Zoltan"]
[Black "Pinter, Jozsef"]
[Result "1/2-1/2"]
[WhiteElo "2602"]
[BlackElo "2535"]
[PlyCount "48"]

1.d4 Nf6 2.c4 e6 3.Nf3 d5 4.Nc3 c5 5.cxd5 Nxd5 6.e4 Nxc3 7.bxc3 cxd4 8.cxd4 Nc6
9.Bc4 Bb4+ 10.Bd2 Bxd2+ 11.Qxd2 O-O 12.O-O b6 13.Rad1 Na5 14.Bd3 Bb7 15.Rfe1 h6
16.Qf4 Qf6 17.Qg3 Qe7 18.d5 Rad8 19.Bb1 Nc4 20.Nd4 Qc5 21.Nb3 Qc8 22.Nd4 Qc5
23.Nb3 Qc8 24.Nd4 Qc5

[Event "aut_chT04"]
[Site "Fuerstenfeld"]
[Date "2004.11.19"]
[Round "1"]
[Board "2"]
[White "Balogh, Csaba"]
[Black "Ftacnik, Lubomir"]
[Result "1/2-1/2"]
[WhiteElo "2519"]
[BlackElo "2539"]
[PlyCount "98"]

1.e4 c5 2.Nf3 d6 3.d4 cxd4 4.Nxd4 Nf6 5.Nc3 a6 6.Bc4 e6 7.Bb3 Nbd7 8.Bg5 Nc5
9.f4 Qa5 10.Bxf6 gxf6 11.O-O Bd7 12.Kh1 h5 13.Qf3 O-O-O 14.a3 Nxb3 15.cxb3 Qb6
16.Rac1 Kb8 17.Qd3 e5 18.Nc2 Qxb3 19.Qe3 d5 20.Nxd5 Qxe3 21.Ncxe3 Bh6 22.fxe5
fxe5 23.Rce1 Be6 24.Nc4 f5 25.Nxe5 Bd2 26.Re2 fxe4 27.Rxd2 Rxd5 28.Rxd5 Bxd5
29.Re1 Rd8 30.h4 Kc7 31.Ng6 Kd6 32.Rd1 e3 33.Kg1 Re8 34.Nf4 Re5 35.Kf1 Kc6
36.Rc1+ Kb5 37.Rc3 Bc4+ 38.Ke1 b6 39.g3 a5 40.b3 Bf7 41.Ke2 a4 42.bxa4+ Kxa4
43.Nd3 Rb5 44.Kxe3 Rb3 45.Kd4 Rxc3 46.Kxc3 Kxa3 47.Ne5 Be6 48.Nd3 Ka4 49.Nf4 Bf7

[Event "aut_chT04"]
[Site "Fuerstenfeld"]
[Date "2004.11.19"]
[Round "1"]
[Board "5"]
[White "Weiss, Christian"]
[Black "Kuba, Guenter"]
[Result "1/2-1/2"]
[WhiteElo "2422"]
[BlackElo "2364"]
[PlyCount "68"]

1.c4 e5 2.Nc3 Nf6 3.g3 Bb4 4.Bg2 O-O 5.Nf3 Nc6 6.O-O e4 7.Ne1 Bxc3 8.dxc3 d6
9.Nc2 h6 10.b3 Re8 11.Bf4 Bd7 12.Qd2 Qc8 13.Nb4 Ne5 14.Nd5 Nxd5 15.Qxd5 Ng6
16.Qd2 Bh3 17.f3 exf3 18.exf3 Nxf4 19.Qxf4 Bxg2 20.Kxg2 Re2+ 21.Rf2 Rxf2+
22.Kxf2 Qh3 23.Rh1 Re8 24.Qg4 Qxg4 25.fxg4 f6 26.Kf3 Kf7 27.b4 Re5 28.Rb1 b6
29.Rb3 Ke6 30.Ra3 a5 31.Ra4 axb4 32.cxb4 Re1 33.Ra7 Kd7 34.Ra8 Rc1

[Event "aut_chT04"]
[Site "Fuerstenfeld"]
[Date "2004.11.19"]
[Round "1"]
[Board "6"]
[White "Wach, Markus"]
[Black "Knoll, Hermann"]
[Result "1-0"]
[WhiteElo "2369"]
[BlackElo "2356"]
[PlyCount "89"]

1.e4 c5 2.Nf3 d6 3.b3 e5 4.Bc4 g6 5.c3 Bg7 6.d4 exd4 7.cxd4 Nc6 8.Bb2 Bg4 9.h3
Bxf3 10.Qxf3 Nh6 11.Nd2 O-O 12.Rd1 Kh8 13.O-O f5 14.e5 cxd4 15.e6 g5 16.Rfe1 Qe7
17.Qh5 g4 18.Nf1 Rf6 19.Bxd4 Nxd4 20.Rxd4 Rg6 21.Rd3 f4 22.hxg4 Nxg4 23.Rh3 Bh6
24.Bd3 Rg7 25.Nh2 Nxh2 26.Qxh6 Ng4 27.Qxf4 Rf8 28.Qd4 Ne5 29.Rxe5 dxe5 30.Qxe5
Kg8 31.f4 Qf6 32.Qxf6 Rxf6 33.f5 Kf8 34.Kf2 h6 35.Kf3 Rc7 36.Kf4 Rc3 37.Ke5 Ke7
38.Rg3 Rc5+ 39.Kf4 Kf8 40.b4 Rd5 41.Be4 Rb5 42.a4 Rxb4 43.Ke5 Rxa4 44.Kxf6 Rxe4
45.Rc3

[Event "aut_chT04"]
[Site "Fuerstenfeld"]
[Date "2004.11.19"]
[Round "1"]
[Board "2"]
[White "Lanka, Zigurds"]
[Black "Gavrikov, Viktor"]
[Result "1/2-1/2"]
[WhiteElo "2455"]
[BlackElo "2538"]
[PlyCount "37"]

1.e4 c5 2.Nf3 d6 3.d4 Nf6 4.Nc3 cxd4 5.Nxd4 a6 6.Be3 e6 7.Be2 Be7 8.f4 O-O 9.g4
d5 10.e5 Ne4 11.Nxe4 dxe4 12.g5 Qc7 13.Qd2 Rd8 14.O-O-O b5 15.Kb1 Bb7 16.Qc1 Bd5
17.h4 Nc6 18.Nxc6 Qxc6 19.h5

[Event "aut_chT04"]
[Site "Fuerstenfeld"]
[Date "2004.11.19"]
[Round "1"]
[Board "3"]
[White "Atlas, Valery"]
[Black "Gross, David"]
[Result "1/2-1/2"]
[WhiteElo "2478"]
[BlackElo "2465"]
[PlyCount "52"]

1.e4 e5 2.Nf3 Nc6 3.Bc4 Nf6 4.d3 Be7 5.O-O O-O 6.Re1 d6 7.a4 h6 8.h3 Re8 9.a5 a6
10.c3 Be6 11.Nbd2 Bf8 12.Bb3 Bxb3 13.Qxb3 Qd7 14.c4 Nd8 15.Nb1 Ne6 16.Nc3 c6
17.Qc2 Nh7 18.Na4 Qc7 19.Nb6 Rab8 20.b4 Be7 21.Bb2 Nhg5 22.Nxg5 Bxg5 23.Rad1
Rbd8 24.Qb1 h5 25.Qa1 Bf6 26.Rc1 Nf4

[Event "aut_chT04"]
[Site "Fuerstenfeld"]
[Date "2004.11.19"]
[Round "1"]
[Board "4"]
[White "Tabernig, Bernhard"]
[Black "Gaertner, Guntram"]
[Result "1/2-1/2"]
[WhiteElo "2344"]
[BlackElo "2353"]
[PlyCount "58"]

1.d4 Nf6 2.c4 e6 3.Nc3 Bb4 4.e3 c5 5.Nge2 cxd4 6.exd4 d5 7.c5 Ne4 8.Bd2 Nxd2
9.Qxd2 Nd7 10.a3 Ba5 11.g3 O-O 12.Bg2 Bc7 13.O-O a5 14.b4 Nf6 15.b5 e5 16.dxe5
Bxe5 17.Rad1 Qe7 18.Nxd5 Qxc5 19.a4 Nxd5 20.Qxd5 Qxd5 21.Rxd5 Bf6 22.Nf4 Rb8
23.b6 Ra8 24.Rc1 Rd8 25.Rxd8+ Bxd8 26.Nd5 Bd7 27.Nc7 Rb8 28.Bxb7 Bxa4 29.Bc6
Bxc6

[Event "aut_chT04"]
[Site "Fuerstenfeld"]
[Date "2004.11.19"]
[Round "1"]
[Board "5"]
[White "Grabher, Heinz"]
[Black "Kroell, Johannes"]
[Result "1-0"]
[WhiteElo "2271"]
[BlackElo "2234"]
[PlyCount "95"]

1.e4 e6 2.Nc3 d5 3.d4 Nf6 4.e5 Nfd7 5.f4 c5 6.Nf3 Nc6 7.Be3 a6 8.Qd2 b5 9.dxc5
Bxc5 10.Nd4 Nxd4 11.Bxd4 Bxd4 12.Qxd4 Qb6 13.O-O-O Bb7 14.Qxb6 Nxb6 15.Ne2 Rc8
16.Nd4 g6 17.Bd3 h5 18.g3 Nd7 19.h3 Nc5 20.Kd2 Ke7 21.g4 Ne4+ 22.Bxe4 dxe4
23.Ke3 b4 24.g5 Rc5 25.Rh2 Rhc8 26.Rhd2 Bd5 27.Ra1 R8c7 28.h4 Ra5 29.Ne2 Rac5
30.Nd4 Kd7 31.Rc1 Kc8 32.Ra1 Kb7 33.a4 Kb6 34.Rc1 Ka5 35.Rcd1 Kb6 36.Ra1 a5
37.Rc1 b3 38.c3 Rc4 39.Ra1 Rb7 40.Nxb3 Ka6 41.Nd4 Rc8 42.Nb5 Rcb8 43.Rd4 Bb3
44.c4 Bc2 45.Rd6+ Rb6 46.c5 Rxd6 47.exd6 Kb7 48.c6+

[Event "aut_chT04"]
[Site "Fuerstenfeld"]
[Date "2004.11.19"]
[Round "1"]
[Board "6"]
[White "Schiestl, Josef"]
[Black "Feistenauer, Fred"]
[Result "1/2-1/2"]
[WhiteElo "2139"]
[BlackElo "2285"]
[PlyCount "21"]

1.e4 d5 2.exd5 Nf6 3.d4 Nxd5 4.Nf3 g6 5.Be2 Bg7 6.O-O O-O 7.c4 Nb6 8.Nc3 Nc6
9.d5 Ne5 10.c5 Nbd7 11.Be3

[Event "aut_chT04"]
[Site "Fuerstenfeld"]
[Date "2004.11.19"]
[Round "1"]
[Board "1"]
[White "Rotstein, Arkadij"]
[Black "Rabiega, Robert"]
[Result "1-0"]
[WhiteElo "2528"]
[BlackElo "2539"]
[PlyCount "79"]

1.c4 e5 2.g3 Nf6 3.Bg2 c6 4.d4 Bb4+ 5.Bd2 Bxd2+ 6.Qxd2 d6 7.e3 Be6 8.b3 exd4
9.exd4 d5 10.c5 O-O 11.Nc3 Re8 12.Nge2 Qc8 13.h3 Na6 14.Rc1 Bf5 15.g4 Bg6 16.O-O
Ne4 17.Nxe4 dxe4 18.Ng3 Qd7 19.Rfe1 Rad8 20.Bxe4 Nc7 21.Rcd1 Ne6 22.Bf5 Qd5
23.Bxe6 Rxe6 24.Qf4 h6 25.Re3 Rxe3 26.fxe3 Re8 27.e4 Qd8 28.d5 Qa5 29.Qf2 Qc3
30.d6 f6 31.Kg2 b6 32.cxb6 axb6 33.Qd4 Qa5 34.d7 Rd8 35.a4 Kh7 36.Rd3 Qe1 37.h4
c5 38.Qd5 Kh8 39.h5 Bh7 40.Qe6

[Event "aut_chT04"]
[Site "Fuerstenfeld"]
[Date "2004.11.19"]
[Round "1"]
[Board "2"]
[White "Vogt, Lothar"]
[Black "Beim, Valeri"]
[Result "1/2-1/2"]
[WhiteElo "2483"]
[BlackElo "2512"]
[PlyCount "99"]

1.e4 d6 2.d4 Nf6 3.Nc3 g6 4.Nf3 Bg7 5.h3 O-O 6.Be3 a6 7.a4 b6 8.Bc4 e6 9.O-O d5
10.Bd3 dxe4 11.Nxe4 Nbd7 12.c4 Bb7 13.Qc2 c5 14.Rfd1 Qc7 15.Rac1 Rfd8 16.b3 Rac8
17.Bg5 cxd4 18.Nxd4 Re8 19.Ne2 Nxe4 20.Bxe4 Bxe4 21.Qxe4 Nc5 22.Qc2 Qe5 23.Be3
Qb2 24.Bxc5 bxc5 25.Qxb2 Bxb2 26.Rb1 Bf6 27.Rd6 Ra8 28.Rbd1 Reb8 29.R1d3 Kf8
30.Kf1 Ra7 31.Rc6 Rab7 32.Rxc5 Rxb3 33.Rxb3 Rxb3 34.Ke1 Be7 35.Rc8+ Kg7 36.Nd4
Ra3 37.Rc7 Kf6 38.Nc6 Bd6 39.Rd7 Bc5 40.Nd8 Be7 41.Nc6 Bc5 42.Nd8 Rxa4 43.Rxf7+
Ke5 44.f4+ Ke4 45.Nxe6 Be3 46.c5 Ra1+ 47.Ke2 Ra2+ 48.Ke1 Ra1+ 49.Ke2 Ra2+ 50.Ke1

[Event "aut_chT04"]
[Site "Fuerstenfeld"]
[Date "2004.11.19"]
[Round "1"]
[Board "4"]
[White "Kotz, Heinz Peter"]
[Black "Mahdy, Khaled"]
[Result "0-1"]
[WhiteElo "2347"]
[BlackElo "2383"]
[PlyCount "114"]

1.e4 e5 2.Nf3 Nc6 3.Bb5 a6 4.Ba4 Nf6 5.O-O Be7 6.Re1 b5 7.Bb3 d6 8.c3 O-O 9.h3
Na5 10.Bc2 c5 11.d4 Qc7 12.Nbd2 Bd7 13.Nf1 Nc6 14.dxe5 dxe5 15.Ne3 Be6 16.Qe2
Rfe8 17.a4 c4 18.Ng5 Bc5 19.axb5 axb5 20.Rxa8 Rxa8 21.Nxe6 fxe6 22.b3 Ra2
23.bxc4 b4 24.Qd3 bxc3 25.Qxc3 Ra8 26.Rd1 Nd4 27.Qe1 Ra2 28.Bb1 Ra8 29.Bd3 Qb6
30.Bd2 Ra3 31.Rb1 Qc7 32.Qf1 Qd8 33.Nd1 Nc6 34.Nb2 Bd4 35.Be2 Nxe4 36.Be3 Bxe3
37.fxe3 Nd2 38.Rd1 Nxf1 39.Rxd8+ Nxd8 40.Bxf1 Nb7 41.Nd3 e4 42.Nf4 Nc5 43.Kf2
Kf7 44.h4 g6 45.g4 Kf6 46.g5+ Ke5 47.h5 Nd3+ 48.Bxd3 exd3 49.hxg6 hxg6 50.Kf3
Kf5 51.e4+ Kxg5 52.Nxe6+ Kf6 53.Nc7 Ke5 54.Ke3 Rc3 55.Nd5 Rxc4 56.Ne7 Rxe4+
57.Kxd3 g5

[Event "aut_chT04"]
[Site "Fuerstenfeld"]
[Date "2004.11.19"]
[Round "1"]
[Board "5"]
[White "Kilgus, Georg"]
[Black "Fahrner, Kurt"]
[Result "1/2-1/2"]
[WhiteElo "2353"]
[BlackElo "2339"]
[PlyCount "83"]

1.d4 d5 2.c4 c6 3.Nf3 Nf6 4.e3 Bf5 5.cxd5 cxd5 6.Qb3 Qc7 7.Bd2 Nc6 8.Bb5 Be4
9.Be2 e6 10.Nc3 a6 11.Rc1 Bd6 12.Nxe4 Nxe4 13.Bc3 O-O 14.O-O Rfc8 15.g3 b5
16.Rfd1 Na5 17.Bxa5 Qxa5 18.Bd3 Rc7 19.Bxe4 dxe4 20.Ng5 Rac8 21.Rxc7 Qxc7
22.Nxe4 Bf8 23.d5 exd5 24.Qxd5 Qc4 25.Qxc4 Rxc4 26.Rd4 Rc1+ 27.Kg2 f5 28.Ng5 Be7
29.Nf3 Bf6 30.Rd2 Kf7 31.Nd4 g6 32.b3 Bxd4 33.Rxd4 Ke6 34.a4 Rb1 35.Rd3 bxa4
36.bxa4 Rb4 37.Ra3 a5 38.Kf3 g5 39.h3 h5 40.Ra2 g4+ 41.Kg2 Kd5 42.Rd2+

[Event "aut_chT04"]
[Site "Fuerstenfeld"]
[Date "2004.11.19"]
[Round "1"]
[Board "6"]
[White "Kastner, Walter"]
[Black "Wallner, Alfred"]
[Result "1/2-1/2"]
[WhiteElo "2240"]
[BlackElo "2232"]
[PlyCount "145"]

1.Nf3 g6 2.c4 Bg7 3.d4 Nf6 4.Nc3 O-O 5.g3 d6 6.Bg2 Nc6 7.O-O a6 8.Nd5 e6 9.Nxf6+
Bxf6 10.Bh6 Bg7 11.Bg5 Bf6 12.Bh6 Bg7 13.Bxg7 Kxg7 14.d5 Nb8 15.dxe6 fxe6 16.c5
Qf6 17.cxd6 Rd8 18.Qc2 cxd6 19.Qc7+ Kh8 20.Rad1 d5 21.Ne5 Rf8 22.f4 Qg7 23.Qxg7+
Kxg7 24.e4 dxe4 25.Bxe4 Ra7 26.Rd6 b5 27.Rfd1 Rc7 28.Rb6 Nd7 29.Nxd7 Bxd7
30.Rxa6 e5 31.fxe5 Bg4 32.Re1 Re7 33.Bd5 Rf5 34.Be6 Rg5 35.Bxg4 Rxg4 36.a3 Rg5
37.e6 Kf6 38.Rb6 h5 39.Rf1+ Kg7 40.Re1 h4 41.Kg2 hxg3 42.hxg3 Rd5 43.Re2 Kf6
44.Kf3 Rf5+ 45.Ke3 Rxe6+ 46.Rxe6+ Kxe6 47.g4 Rf1 48.Rf2 Re1+ 49.Kf4 Re5 50.Rc2
g5+ 51.Kf3 Kd6 52.Rc3 Re1 53.Rd3+ Kc6 54.Rb3 Rf1+ 55.Kg2 Rf4 56.Kg3 Rf1 57.Rf3
Rg1+ 58.Kh3 Rh1+ 59.Kg2 Rb1 60.b3 Rb2+ 61.Kg3 Ra2 62.Rf6+ Kb7 63.Rf5 Kc6 64.Rf6+
Kb7 65.a4 bxa4 66.bxa4 Ra3+ 67.Rf3 Rxa4 68.Rf5 Ra3+ 69.Kf2 Kc7 70.Rxg5 Kd7
71.Rf5 Ke6 72.Rf3 Rxf3+ 73.Kxf3

[Event "aut_chT04"]
[Site "Fuerstenfeld"]
[Date "2004.11.19"]
[Round "1"]
[Board "4"]
[White "Pilaj, Herwig"]
[Black "Lendwai, Reinhard"]
[Result "1-0"]
[WhiteElo "2426"]
[BlackElo "2412"]
[PlyCount "45"]

1.e4 c6 2.d4 d5 3.exd5 cxd5 4.Bd3 Nc6 5.c3 Nf6 6.Bf4 Bg4 7.Qb3 Qc8 8.Nd2 e6
9.Ngf3 Bh5 10.O-O Bg6 11.Bxg6 hxg6 12.Rae1 Be7 13.Ne5 O-O 14.Bg5 Qc7 15.f4 a6
16.Qd1 b5 17.Re3 Rfc8 18.Rh3 b4 19.Qe1 bxc3 20.Nxg6 Nh7 21.Rxh7 Kxh7 22.Qh4+
Kxg6 23.g4

[Event "aut_chT04"]
[Site "Fuerstenfeld"]
[Date "2004.11.19"]
[Round "1"]
[Board "5"]
[White "Danner, Georg"]
[Black "Hoelzl, Franz"]
[Result "1-0"]
[WhiteElo "2435"]
[BlackElo "2370"]
[PlyCount "113"]

1.d4 Nf6 2.Nf3 d5 3.c4 e6 4.Nbd2 g6 5.g3 Bg7 6.Bg2 O-O 7.O-O c5 8.dxc5 Na6
9.cxd5 exd5 10.Nb3 Ne4 11.Nfd4 Naxc5 12.Nxc5 Nxc5 13.Be3 Re8 14.Rc1 Ne6 15.Rc2
Nxd4 16.Bxd4 Bf5 17.Rd2 Bxd4 18.Rxd4 Qb6 19.e3 Be4 20.Qd2 h5 21.h4 Rac8 22.Rc1
Rxc1+ 23.Qxc1 Qe6 24.Qd1 Kh7 25.Kh2 Re7 26.Qb3 Qa6 27.Qb4 Qf6 28.Rd2 Kg7 29.a3
b6 30.Kg1 Rc7 31.f3 Rc1+ 32.Kh2 Bxf3 33.Rf2 Bxg2 34.Rxf6 Be4 35.Rxg6+ Kxg6 36.g4
Rh1+ 37.Kg3 Rg1+ 38.Kf2 Rxg4 39.Qe7 a5 40.b4 axb4 41.axb4 b5 42.Ke1 Bf5 43.Kd2
Be6 44.Kd3 Kf5 45.Qd8 f6 46.Qe8 Rxh4 47.Qxb5 Kg5 48.Qb8 Bf5+ 49.Kc3 Re4 50.Qg8+
Kh4 51.Qg1 Rc4+ 52.Kb3 Bc2+ 53.Ka3 Be4 54.b5 Rc3+ 55.Kb4 Rc2 56.b6 Rg2 57.Qxg2

[Event "aut_chT04"]
[Site "Fuerstenfeld"]
[Date "2004.11.19"]
[Round "1"]
[Board "1"]
[White "Kindermann, Stefan"]
[Black "Schlosser, Philipp"]
[Result "1/2-1/2"]
[WhiteElo "2536"]
[BlackElo "2570"]
[PlyCount "30"]

1.e4 c6 2.d4 d5 3.exd5 cxd5 4.c4 Nf6 5.Nc3 e6 6.Nf3 Bb4 7.cxd5 Nxd5 8.Bd2 O-O
9.Bd3 Nc6 10.O-O Be7 11.Re1 Ndb4 12.Bf4 Bf6 13.Be4 Nxd4 14.Nxd4 Bxd4 15.Nb5 e5

[Event "aut_chT04"]
[Site "Fuerstenfeld"]
[Date "2004.11.19"]
[Round "1"]
[Board "2"]
[White "Stangl, Markus"]
[Black "Kosten, Anthony C."]
[Result "1/2-1/2"]
[WhiteElo "2478"]
[BlackElo "2527"]
[PlyCount "80"]

1.Nf3 Nf6 2.c4 c5 3.Nc3 Nc6 4.d4 cxd4 5.Nxd4 e6 6.Bg5 Be7 7.e3 O-O 8.Be2 Qa5
9.Bh4 d5 10.cxd5 Nxd4 11.Qxd4 Nxd5 12.Bxe7 Nxe7 13.Bf3 Rd8 14.Qa4 Qxa4 15.Nxa4
Bd7 16.Nc5 Bc6 17.Bxc6 Nxc6 18.Rc1 Nb4 19.a3 Nd5 20.Ke2 b6 21.Nd3 Rac8 22.Ne5 f6
23.Nc6 Rd7 24.Rc2 Rdc7 25.Rhc1 Kf8 26.Kd3 Ne7 27.Nd4 Rxc2 28.Rxc2 Rxc2 29.Kxc2
e5 30.Nb5 Nc6 31.Kc3 Ke7 32.Kc4 Kd7 33.Kd5 Ne7+ 34.Kc4 a6 35.Nc3 Kc6 36.a4 Nc8
37.b4 b5+ 38.Kb3 Nb6 39.axb5+ axb5 40.e4 Nc8

[Event "aut_chT04"]
[Site "Fuerstenfeld"]
[Date "2004.11.19"]
[Round "1"]
[Board "3"]
[White "Freitag, Manfred"]
[Black "Lehner, Oliver"]
[Result "1/2-1/2"]
[WhiteElo "2396"]
[BlackElo "2406"]
[PlyCount "51"]

1.e4 e6 2.d4 d5 3.e5 c5 4.c3 Nc6 5.Nf3 Bd7 6.Bd3 Rc8 7.O-O cxd4 8.cxd4 Nb4 9.Nc3
Nxd3 10.Qxd3 Ne7 11.Bg5 Qb6 12.Rfc1 h6 13.Bd2 Nc6 14.Na4 Qd8 15.Nc5 Bxc5 16.Rxc5
O-O 17.b4 b6 18.Rcc1 Ne7 19.Qa6 Rxc1+ 20.Rxc1 Qb8 21.g4 Rc8 22.Rxc8+ Nxc8 23.Qd3
Ne7 24.b5 Qc7 25.a4 Qc4 26.Qa3

[Event "aut_chT04"]
[Site "Fuerstenfeld"]
[Date "2004.11.19"]
[Round "1"]
[Board "4"]
[White "Weinzettl, Ernst"]
[Black "Karner, Christoph"]
[Result "0-1"]
[WhiteElo "2360"]
[BlackElo "2370"]
[PlyCount "89"]

1.e4 c5 2.Nf3 d6 3.d4 cxd4 4.Nxd4 Nf6 5.Nc3 a6 6.Bg5 e6 7.f4 Be7 8.Qf3 h6 9.Bh4
Qc7 10.O-O-O Nbd7 11.Bg3 b5 12.e5 Bb7 13.Qe2 Nd5 14.Ne4 dxe5 15.fxe5 O-O 16.Nf6+
Kh8 17.Qd3 gxf6 18.Qd2 Kh7 19.exf6 Bd6 20.Bd3+ Kg8 21.Rdf1 N5xf6 22.Qxh6 Rfd8
23.Qg5+ Kf8 24.Rxf6 Nxf6 25.Qxf6 Ke8 26.Nxe6 Qe7 27.Ng7+ Kd7 28.Qc3 Qg5+ 29.Kb1
Qc5 30.Bf5+ Kc6 31.Qf6 Kb6 32.Rd1 Bd5 33.Be4 Bxe4 34.Bf2 Bxc2+ 35.Ka1 Bxd1
36.Bxc5+ Kxc5 37.Nf5 Bh5 38.a3 Bg6 39.Qd4+ Kc6 40.Qc3+ Kb6 41.Ne3 Bc5 42.Qf6+
Rd6 43.Nd5+ Kc6 44.Nb4+ Bxb4 45.Qf3+

[Event "aut_chT04"]
[Site "Fuerstenfeld"]
[Date "2004.11.19"]
[Round "1"]
[Board "5"]
[White "Watzka, Horst"]
[Black "Schwarz, Michael"]
[Result "1/2-1/2"]
[WhiteElo "2323"]
[BlackElo "2408"]
[PlyCount "45"]

1.e4 c6 2.d4 d5 3.Nd2 g6 4.Ngf3 Bg7 5.c3 dxe4 6.Nxe4 Nd7 7.Bc4 Ngf6 8.Nxf6+ Nxf6
9.O-O O-O 10.Re1 Bg4 11.h3 Bxf3 12.Qxf3 Qd7 13.Bg5 Rfe8 14.Rad1 Nd5 15.a4 e6
16.Bb3 b5 17.h4 Rab8 18.h5 h6 19.Bc1 g5 20.Re2 a5 21.Rde1 b4 22.Bc4 Nb6 23.Bb3

[Event "aut_chT04"]
[Site "Fuerstenfeld"]
[Date "2004.11.19"]
[Round "1"]
[Board "1"]
[White "Ruck, Robert"]
[Black "Groszpeter, Attila"]
[Result "1/2-1/2"]
[WhiteElo "2554"]
[BlackElo "2524"]
[PlyCount "41"]

1.c4 e5 2.Nc3 Nf6 3.Nf3 Nc6 4.a3 g6 5.g3 Bg7 6.Bg2 O-O 7.d3 d6 8.O-O Nd4 9.Nd2
c6 10.e3 Nf5 11.Nf3 Re8 12.e4 Nd4 13.Nxd4 exd4 14.Ne2 d5 15.exd5 cxd5 16.Nxd4
Bg4 17.Nf3 dxc4 18.dxc4 Qb6 19.Qa4 Ne4 20.Qb4 Rac8 21.Qxb6

[Event "aut_chT04"]
[Site "Fuerstenfeld"]
[Date "2004.11.19"]
[Round "1"]
[Board "3"]
[White "Stohl, Igor"]
[Black "Ganaus, Hannes"]
[Result "1-0"]
[WhiteElo "2554"]
[BlackElo "2315"]
[PlyCount "53"]

1.c4 e5 2.g3 Nc6 3.Bg2 a5 4.Nc3 Bb4 5.Nd5 Nge7 6.e3 d6 7.Ne2 Bf5 8.a3 Bc5 9.d4
Ba7 10.Qb3 Rb8 11.Nxe7 Qxe7 12.d5 Nd8 13.Qb5+ c6 14.Qxa5 Ra8 15.Qd2 O-O 16.Nc3
Bg6 17.O-O e4 18.b3 f5 19.Bb2 Nf7 20.Ne2 c5 21.Nf4 Ne5 22.f3 exf3 23.Bxf3 Rfe8
24.Ne6 Bb6 25.Bg2 Ba5 26.Qe2 h5 27.e4

[Event "aut_chT04"]
[Site "Fuerstenfeld"]
[Date "2004.11.19"]
[Round "1"]
[Board "4"]
[White "Wallner, Joachim"]
[Black "Brestian, Egon"]
[Result "1/2-1/2"]
[WhiteElo "2278"]
[BlackElo "2415"]
[PlyCount "148"]

1.e4 c5 2.Nf3 d6 3.d4 cxd4 4.Nxd4 Nf6 5.Nc3 g6 6.Be3 Bg7 7.f3 O-O 8.Qd2 Nc6
9.Bc4 Nd7 10.O-O Nxd4 11.Bxd4 Bxd4+ 12.Qxd4 Qb6 13.Qxb6 Nxb6 14.Bd3 Be6 15.Nb5
Rfc8 16.b3 Nd7 17.c4 a6 18.Nd4 Ne5 19.Be2 Nc6 20.Nc2 f5 21.Kf2 fxe4 22.fxe4 Ne5
23.Nd4 Bd7 24.Ke3 Kg7 25.h3 Rc5 26.a4 a5 27.Nb5 Bxb5 28.axb5 Rcc8 29.Ra4 b6
30.Rfa1 Rab8 31.b4 axb4 32.Rxb4 Rc7 33.Ra6 Kf6 34.Rba4 Nd7 35.Ra7 Rxa7 36.Rxa7
Nc5 37.Kd4 Ne6+ 38.Ke3 Nc5 39.Bf3 h5 40.g4 hxg4 41.Bxg4 e6 42.Kd4 Rf8 43.Ra3 Kg5
44.Rg3 Kh4 45.Re3 Rf4 46.Be2 Kg5 47.Rg3+ Kf6 48.Rf3 Rxf3 49.Bxf3 Nd7 50.h4 g5
51.hxg5+ Kxg5 52.Bg2 Kf6 53.Bh3 Ne5 54.Bg2 Ng6 55.Bf3 Ne7 56.e5+ dxe5+ 57.Kc3 e4
58.Bxe4 Ke5 59.Bg2 Kd6 60.Kd4 Nf5+ 61.Ke4 Ng3+ 62.Kf4 Ne2+ 63.Ke3 Nc3 64.Kd4 Na4
65.Bf3 Nc5 66.Bg2 e5+ 67.Ke3 Ne6 68.Ke4 Nc5+ 69.Kf5 Nb3 70.Bd5 Nd2 71.Bg8 e4
72.Kf4 Kc5 73.Ke3 Nxc4+ 74.Kxe4 Nd6+

[Event "aut_chT04"]
[Site "Fuerstenfeld"]
[Date "2004.11.19"]
[Round "1"]
[Board "5"]
[White "Fauland, Alexander"]
[Black "Brustkern, Juergen"]
[Result "1/2-1/2"]
[WhiteElo "2414"]
[BlackElo "2251"]
[PlyCount "82"]

1.d4 g6 2.c4 Bg7 3.Nc3 c5 4.d5 Nf6 5.e4 d6 6.f3 O-O 7.Bg5 h6 8.Be3 e6 9.Qd2 exd5
10.cxd5 Bd7 11.Bxh6 Nxe4 12.Nxe4 Qh4+ 13.g3 Qxh6 14.Qxh6 Bxh6 15.Nxd6 Na6
16.Bxa6 bxa6 17.Ne2 Rab8 18.b3 Bb5 19.Kf2 Rfd8 20.Nxb5 axb5 21.Rhd1 Rb6 22.f4
Rbd6 23.a4 Bg7 24.Ra2 Rxd5 25.Rxd5 Rxd5 26.axb5 Rd3 27.Nc1 Rc3 28.Rxa7 c4 29.b6
Bd4+ 30.Ke2 cxb3 31.Ra8+ Kh7 32.Nd3 Bxb6 33.Rb8 Rc6 34.Kd1 Kg7 35.Nb2 Rc2 36.Na4
Bd4 37.Rb4 Bg1 38.Rxb3 Rxh2 39.Nc3 Bc5 40.Ne4 Bd4 41.Rb7 Kg8

[Event "aut_chT04"]
[Site "Fuerstenfeld"]
[Date "2004.11.19"]
[Round "1"]
[Board "6"]
[White "Fusi, Christoph"]
[Black "Bawart, Markus"]
[Result "1-0"]
[WhiteElo "2219"]
[BlackElo "2355"]
[PlyCount "99"]

1.e4 c5 2.Nf3 d6 3.d4 cxd4 4.Nxd4 Nf6 5.Nc3 a6 6.Be3 e6 7.f3 Be7 8.Qd2 Nc6 9.g4
Nxd4 10.Qxd4 O-O 11.O-O-O Ne8 12.h4 Bd7 13.Qd2 Rc8 14.g5 b5 15.Bd3 Qa5 16.Kb1 b4
17.Ne2 e5 18.Nc1 Nc7 19.Bc4 Be6 20.Bb3 Nb5 21.Nd3 Rc3 22.Qf2 Rfc8 23.Bb6 Na3+
24.bxa3 Qxa3 25.Be3 Rxc2 26.Qxc2 Rxc2 27.Kxc2 a5 28.Bc1 Bxb3+ 29.axb3 Qa2+
30.Bb2 a4 31.Nc1 axb3+ 32.Nxb3 Qa6 33.Rd3 h6 34.gxh6 gxh6 35.Rg1+ Kh7 36.Rgd1
Qc8+ 37.Kb1 Qh3 38.Na5 Qxh4 39.Nc6 Bf8 40.Nxb4 f5 41.Nd5 f4 42.Rg1 Bg7 43.Rd2
Qh3 44.Rf2 Bh8 45.Ba3 h5 46.Bxd6 Qd7 47.Rh2 Qb7+ 48.Kc2 Qc8+ 49.Kd2 Kh6 50.Ne7

[Event "aut_chT04"]
[Site "Fuerstenfeld"]
[Date "2004.11.20"]
[Round "2"]
[Board "1"]
[White "Pinter, Jozsef"]
[Black "Groszpeter, Attila"]
[Result "1/2-1/2"]
[WhiteElo "2535"]
[BlackElo "2524"]
[PlyCount "127"]

1.d4 Nf6 2.c4 e6 3.Nf3 d5 4.Nc3 c5 5.cxd5 Nxd5 6.e4 Nxc3 7.bxc3 cxd4 8.cxd4 Nc6
9.Bc4 Bb4+ 10.Bd2 Bxd2+ 11.Qxd2 O-O 12.O-O Qd6 13.Rad1 Bd7 14.Rfe1 Rad8 15.d5
exd5 16.exd5 Ne7 17.Qe3 Nf5 18.Qb3 Qb6 19.Qxb6 axb6 20.Bb3 Nd6 21.Ne5 Rfe8 22.f3
Kf8 23.Kf2 Bb5 24.Ng4 Rxe1 25.Rxe1 Rc8 26.Ne3 Bd7 27.Rd1 Ke7 28.Rd4 b5 29.g4 h6
30.h4 Rc3 31.Ke2 Rc8 32.Kd2 Rc5 33.Rb4 Rc8 34.Nc2 Rc5 35.Kd3 Rc8 36.Kd4 Rc7
37.Ne1 Rc1 38.Nd3 Rf1 39.Ke3 Rh1 40.h5 f5 41.Ne5 Be8 42.Nd3 Bd7 43.Nc5 fxg4
44.fxg4 Rh3+ 45.Kf4 Rc3 46.Ne6 Bxe6 47.dxe6 Rc5 48.Rd4 Rc1 49.Kf3 Rc3+ 50.Kf2
Rc5 51.Ke2 Rc3 52.Rf4 Rg3 53.Bd5 Rc3 54.Bb3 Rg3 55.Rd4 Rc3 56.Kd2 Rg3 57.Bd5 Kf6
58.Bb3 Nc4+ 59.Bxc4 bxc4 60.Rxc4 Kxe6 61.Rb4 Rg2+ 62.Ke3 Rxa2 63.Rxb7 Kf6
64.Rb6+

[Event "aut_chT04"]
[Site "Fuerstenfeld"]
[Date "2004.11.20"]
[Round "2"]
[Board "2"]
[White "Tibensky, Robert"]
[Black "Balogh, Csaba"]
[Result "1/2-1/2"]
[WhiteElo "2442"]
[BlackElo "2519"]
[PlyCount "41"]

1.d4 e6 2.Nf3 c5 3.e3 Nf6 4.Bd3 b6 5.O-O Bb7 6.c4 d6 7.Nc3 Nbd7 8.b3 Be7 9.Bb2
a6 10.Rc1 O-O 11.Re1 Rc8 12.h3 d5 13.cxd5 exd5 14.Qe2 b5 15.dxc5 Nxc5 16.Nd4
Nfe4 17.Red1 Nxd3 18.Qxd3 Bf6 19.Nde2 Qe7 20.Qb1 Bxc3 21.Nxc3

[Event "aut_chT04"]
[Site "Fuerstenfeld"]
[Date "2004.11.20"]
[Round "2"]
[Board "3"]
[White "Fogarasi, Tibor"]
[Black "Ganaus, Hannes"]
[Result "1-0"]
[WhiteElo "2442"]
[BlackElo "2315"]
[PlyCount "51"]

1.e4 c6 2.d4 d5 3.e5 Bf5 4.c4 e6 5.Nc3 Ne7 6.a3 Nd7 7.Be3 dxc4 8.Bxc4 Nb6 9.Bb3
Ned5 10.Nge2 Nxe3 11.fxe3 Qg5 12.Nf4 Be7 13.O-O O-O 14.Qf3 Rad8 15.Rac1 Qg4
16.e4 Qxf3 17.Rxf3 Bg6 18.d5 exd5 19.exd5 Bg5 20.dxc6 Bxf4 21.Rxf4 bxc6 22.e6
fxe6 23.Bxe6+ Bf7 24.Rxf7 Rxf7 25.Ne4 h6 26.Rf1

[Event "aut_chT04"]
[Site "Fuerstenfeld"]
[Date "2004.11.20"]
[Round "2"]
[Board "4"]
[White "Wallner, Joachim"]
[Black "Baumegger, Siegfried"]
[Result "1-0"]
[WhiteElo "2278"]
[BlackElo "2417"]
[PlyCount "81"]

1.e4 e5 2.Bc4 Nf6 3.d3 Bc5 4.Nf3 d6 5.O-O O-O 6.Nc3 c6 7.Bb3 Nbd7 8.a3 Bb6 9.h3
Re8 10.Re1 Nf8 11.Be3 Bxe3 12.fxe3 Ng6 13.Rf1 Be6 14.Bxe6 Rxe6 15.Qd2 d5 16.exd5
cxd5 17.d4 Ne4 18.Nxe4 dxe4 19.Nh2 exd4 20.Qxd4 Qc7 21.Rf2 Rd8 22.Qb4 Ne5 23.Nf1
Rb6 24.Qxe4 Rxb2 25.Ng3 f6 26.Raf1 Qc4 27.Qf5 Rb5 28.Ne4 Ng6 29.Qg4 Qc6 30.h4
Re5 31.Ng3 Kh8 32.Nf5 Qe4 33.Rf4 Qxc2 34.h5 Rxf5 35.Rxf5 Ne5 36.Qh4 Qc5 37.Rxf6
Qxe3+ 38.Kh1 Kg8 39.Re6 Qd3 40.Qf4 Nd7 41.Qf7+

[Event "aut_chT04"]
[Site "Fuerstenfeld"]
[Date "2004.11.20"]
[Round "2"]
[Board "5"]
[White "Kuba, Guenter"]
[Black "Brustkern, Juergen"]
[Result "1/2-1/2"]
[WhiteElo "2364"]
[BlackElo "2251"]
[PlyCount "34"]

1.e4 d5 2.exd5 Qxd5 3.Nc3 Qa5 4.d4 c6 5.Bc4 Bf5 6.Bd2 e6 7.Nf3 Nf6 8.h3 Nbd7
9.Qe2 Bb4 10.O-O O-O 11.a3 Bxc3 12.Bxc3 Qc7 13.Rac1 b5 14.Bd3 a6 15.Rfe1 Nd5
16.Bd2 Nf4 17.Bxf4 Qxf4